000 00549 a2200205 4500
005 20260218121612.0
008 260218b |||||||| |||| 00| 0 eng d
020 _a9789392785603
_cRs. 1895.00
040 _aMAIN
082 _a338.433621
_bS19H
100 _aSahoo, Damodar
245 _aHealth economics
260 _bBest Publishing House
_c2025
_aNew Delhi
300 _ax, 213
650 _aEconomics- Health
650 _aMedical Economics
650 _aPublic Health- Economic Aspects
650 _aHospitals- Finance
942 _cBK
999 _c395970
_d395970